000 00470nam a2200205Ia 4500
003 0100
008 130303s9999 xx 000 0 und d
040 _cARRUPELIB
050 _aPQ845.T4M678
100 _aHugo, Victor
245 _aLes miserables no.3 :Gavroche
260 _aParis
260 _bHachette
260 _C1964
300 _a78p.
300 _b 18cm.
440 _aTextes en Francais Facile
650 _bGod--Knowableness
942 _2lcc
_04
999 _c61609
_d61609